Päťdesiat rokov tępol, kěm si vyvolal film Košickě fotograf Róbert Berenhaut precestoval vďaka športu celě svet

Bibliographic Details
Main Author: Kiraľvargová, Dáša (Author)
Format: Article
Language:Slovak
PhysicalDescription:5 foto
Subjects:

MARC

LEADER 00000nab a2200000 a 4500
001 vtls000933772
003 SK-MaSNL
005 20260303034818.0
008 040720e20040723xo 0 slo
035 |a KE42649 
040 |a KEVKJB  |b slo  |c KEVKJB  |e AACR2 
041 0 |a slo 
044 |a xo  |c SK 
080 |a 77  |2 1981 
080 |a 929  |2 1981 
100 1 |a Kiraľvargová, Dáša  |4 aut  |9 872583 
245 1 0 |a Päťdesiat rokov tępol, kěm si vyvolal film  |b Košickě fotograf Róbert Berenhaut precestoval vďaka športu celě svet 
300 |b 5 foto 
590 |a Berenhaut, Róbert 1929-,  |b športový fotograf 
600 1 7 |a Berenhaut, Róbert,  |d 1929-,   |2 KEVKJB  |9 30294 
650 0 7 |a fotografia  |2 KEVKJB  |9 1694 
650 0 7 |a život  |2 KEVKJB  |9 20137 
650 0 7 |a dielo  |2 KEVKJB  |9 432553 
651 7 |a Košice (Slovensko)  |2 KEVKJB  |9 18694 
651 7 |a KE,  |2 KEVKJB  |9 877256 
655 7 |a periodikum  |2 snkbucl  |9 29553 
773 0 8 |t Košický večer  |g Roč. 15  |g Roč. 36, č.111, 23.7.2004, s. 9 
852 |a ZVYKNI  |b KIS3GCP 
999 |c 1674913  |d 1676843